000
00281nam a2200109 4500
001
2065
090
_a
2065
100
_a
20190723b u||y0fre||u0ba y50
200
_a
Indépendance totale
_b
Périodique
_e
Bulletin politique hebdomadaire du F.N.L.A
210
_a
Angola
801
_a
CH
_b
CH-002049-8
955
_r
1974:1